Sociedades coloniales /
Guardado en:
| Autor Corporativo: | |
|---|---|
| Formato: | |
| Series: | América, historia de una conquista
|
| Materias: | |
| Etiquetas: |
Agregar Etiqueta
Sin Etiquetas, Sea el primero en etiquetar este registro!
|
| LEADER | 01029ngm a22002775g 4500 | ||
|---|---|---|---|
| 001 | CEM.cems022768 | ||
| 008 | 130507b2005##################0###0#####d | ||
| 005 | 20241115161508.0 | ||
| 245 | 1 | 0 | |a Sociedades coloniales / |c Canal ?. |
| 300 | |a 26'. | ||
| 490 | 0 | |a América, historia de una conquista | |
| 500 | |a En soporte VHS, consultar en ventanilla. | ||
| 505 | 0 | |a Organización política y económica de las Indias. Tráfico de esclavos negros. Organización social y clases sociales. Títulos de nobleza. Las ciudades y la urbanización. El Consejo de Indias. El Virrey. | |
| 538 | |a Soporte: VHS - Norma: Pal N - Color: Si - Grabación DRD 2005 - Hitachi=3275 | ||
| 110 | 2 | |a Canal ? | |
| 082 | 9 | 7 | |. 9/AME |
| 653 | |a NIVEL PRIMARIO | ||
| 653 | |a NIVEL SECUNDARIO | ||
| 653 | |a HISTORIA AMERICANA | ||
| 653 | |a AMERICA | ||
| 653 | |a SOCIEDADES COLONIALES | ||
| 653 | |a INDIAS | ||
| 653 | |a ESCLAVOS | ||
| 653 | |a NOBLEZA | ||
| 653 | |a COLONIAL | ||
| 859 | |a CEMS |b BIB. CEMS - Depto. Recursos Didacticos |h 972.9 |i AME |k DRD |p 1411.12 |t Ej.1 | ||
